000
00256nam a22001217a 4500
008
170907b xxu||||| |||| 00| 0 eng d
041
_a
eng
080
_a
721
100
_a
41
101
_a
NDI
245
_a
SPACE AND STORAGE
_c
DONOVAN,H
942
_2
udc
_c
BK
999
_c
26546
_d
26546